000 00565nam a22001697a 4500
003 OSt
005 20260123111918.0
008 260123b |||||||| |||| 00| 0 eng d
040 _cMRSPTU
041 _aEnglish
100 _aRupinder Kaur, Supervisor: Dr. Shaveta Rani
245 _aHiding Encrypted Images in Video Files Using Maximum Motion Detection Alongwith Compression Technique
260 _bDepartment of CSE, MRSPTU, Bathinda
_c2017
650 _aComputer Science
856 _uhttp://163.47.215.52:8080/jspui/handle/123456789/305
942 _2ddc
_cTH
_n0
999 _c10725
_d10725